Normal view
MARC view
- Robert H.Scales Jr
Entry Personal Name
001 - CONTROL NUMBER
- control field: 105951
003 - CONTROL NUMBER IDENTIFIER
- control field: NUST
005 - DATE AND TIME OF LATEST TRANSACTION
- control field: 20221226132352.0
008 - FIXED-LENGTH DATA ELEMENTS
- fixed length control field: 221226|| aca||aabn | a|a d
040 ## - CATALOGING SOURCE
- Original cataloging agency: NUST
- Transcribing agency: NUST
100 ## - HEADING--PERSONAL NAME
- Personal name: Robert H.Scales Jr
670 ## - SOURCE DATA FOUND
- Source citation: Work cat.: (NUST)185406: Scales Jr, Robert H. 105950, Firepower in limited war /, 2000
